000 00407 a2200133 4500
001 ART_21341
005 20260410161644.0
008 260409a
245 1 0 _aLa importación de servicios como concepto de mercaderia
100 1 _aAcevedo, Rodolfo
700 1 _aCaputo, Romina
700 1 _aJanuszewski, Karina
773 0 _tConsultor tributario
_g- Año 7, Nº 79 (sep. 2013)
_wREV474
999 _c13596
_d13596